000 00202 a2200097 4500
020 _a9781536200751
041 _aeng
100 _aMegan Mcdonald
245 _aJudy moody predicts the future
942 _cBK
999 _c30731
_d30729